000 00142nam a22000857a 4500
082 _a823
100 _aREV W AWDLY
245 _aDAISY
942 _cBK
999 _c8319
_d8319